000 00566cam a2200217ua 4500
001 2939
005 20260515113616.0
008 110919n ii |||gr||||Z||||||eng
020 _a81-237-3598-7
040 _cMAIN
082 _a920
100 1 _aThangamani,
_eAuthor.
245 1 1 _aAeoluku adin sishu asil
_cby Thangamani
250 _a1st.
260 _aNew Delhi:
_bNational book trust,
_c2001.
300 _a135p:
_c23cm.
653 _aBiography
653 _aBiography of Aeoluku adin sishu asil
700 1 _aMahanta, Amitjyoti,
_eTranslator.
942 _cBK
999 _c2785
_d2785